000
00293nam a2200109Ia 4500
008
220204s9999 xx 000 0 und d
082
_a
549.67
_b
BRE
100
_a
Donald W
245
0
_a
Zeolite molecular sieves: Structure chemistry and use
260
_a
New York
_b
John Wiley
_c
1974
942
_c
BK
999
_c
28258
_d
28258